<?xml version="1.0" encoding="UTF-8"?>
<record
    xmlns:xsi="http://www.w3.org/2001/XMLSchema-instance"
    xsi:schemaLocation="http://www.loc.gov/MARC21/slim http://www.loc.gov/standards/marcxml/schema/MARC21slim.xsd"
    xmlns="http://www.loc.gov/MARC21/slim">

  <leader>02875nam a2200457Ii 4500</leader>
  <controlfield tag="001">57846</controlfield>
  <controlfield tag="003">CO-BoRNBP</controlfield>
  <controlfield tag="005">20250731170624.0</controlfield>
  <controlfield tag="007">cr |||||||||||</controlfield>
  <controlfield tag="008">230406s2022    ck ad   ob    000 0 spa d</controlfield>
  <datafield tag="020" ind1=" " ind2=" ">
    <subfield code="a">9587983319</subfield>
  </datafield>
  <datafield tag="040" ind1=" " ind2=" ">
    <subfield code="a">DGITA</subfield>
    <subfield code="b">eng</subfield>
    <subfield code="e">rda</subfield>
    <subfield code="e">pn</subfield>
    <subfield code="c">DGITA</subfield>
  </datafield>
  <datafield tag="043" ind1=" " ind2=" ">
    <subfield code="a">s-ck---</subfield>
  </datafield>
  <datafield tag="080" ind1=" " ind2=" ">
    <subfield code="a">342.4(862)</subfield>
  </datafield>
  <datafield tag="082" ind1="0" ind2="4">
    <subfield code="a">342.861</subfield>
    <subfield code="2">23</subfield>
  </datafield>
  <datafield tag="100" ind1="1" ind2=" ">
    <subfield code="a">Cepeda Espinosa, Manuel Jos&#xE9;,</subfield>
    <subfield code="e">author.</subfield>
    <subfield code="9">61791</subfield>
  </datafield>
  <datafield tag="245" ind1="1" ind2="3">
    <subfield code="a">La constituci&#xF3;n de 1991 :</subfield>
    <subfield code="b">viviente y transformadora /</subfield>
    <subfield code="c">Manuel Jos&#xE9; Cepeda Espinosa.</subfield>
  </datafield>
  <datafield tag="250" ind1=" " ind2=" ">
    <subfield code="a">1st ed.</subfield>
  </datafield>
  <datafield tag="264" ind1=" " ind2="1">
    <subfield code="a">Bogot&#xE1; D.C., Colombia :</subfield>
    <subfield code="b">Ediciones Uniandes,</subfield>
    <subfield code="c">[2022]</subfield>
  </datafield>
  <datafield tag="300" ind1=" " ind2=" ">
    <subfield code="a">1 online resource :</subfield>
    <subfield code="b">illustrations, charts.</subfield>
  </datafield>
  <datafield tag="336" ind1=" " ind2=" ">
    <subfield code="a">text</subfield>
    <subfield code="b">txt</subfield>
    <subfield code="2">rdacontent</subfield>
  </datafield>
  <datafield tag="337" ind1=" " ind2=" ">
    <subfield code="a">computer</subfield>
    <subfield code="b">c</subfield>
    <subfield code="2">rdamedia</subfield>
  </datafield>
  <datafield tag="338" ind1=" " ind2=" ">
    <subfield code="a">online resource</subfield>
    <subfield code="b">cr</subfield>
    <subfield code="2">rdacarrier</subfield>
  </datafield>
  <datafield tag="347" ind1=" " ind2=" ">
    <subfield code="a">text file</subfield>
    <subfield code="2">rdaft</subfield>
  </datafield>
  <datafield tag="347" ind1=" " ind2=" ">
    <subfield code="b">EPUB</subfield>
  </datafield>
  <datafield tag="490" ind1="1" ind2=" ">
    <subfield code="a">Colecci&#xF3;n Estudios acad&#xE9;micos</subfield>
  </datafield>
  <datafield tag="500" ind1=" " ind2=" ">
    <subfield code="a">"Universidad de los Andes Colombia, Facultad de Derecho."</subfield>
  </datafield>
  <datafield tag="504" ind1=" " ind2=" ">
    <subfield code="a">Includes bibliographical references.</subfield>
  </datafield>
  <datafield tag="520" ind1=" " ind2=" ">
    <subfield code="a">La Constituci&#xF3;n de 1991: viviente y transformadora es una invitaci&#xF3;n a la reflexi&#xF3;n sobre el impacto de la Constituci&#xF3;n de Colombia, que cumpli&#xF3; treinta a&#xF1;os de vigencia, la segunda que dura m&#xE1;s de tres d&#xE9;cadas. Presenta un balance global de su vida, de su funcionamiento y de su impacto transformador en m&#xFA;ltiples &#xE1;mbitos de la vida nacional. La tesis fundamental que expone la Constituci&#xF3;n de 1991, lejos de quedarse escrita, ha tenido una incidencia profunda que ha llevado a que Colombia sea hoy un pa&#xED;s diferente al que exist&#xED;a antes de los a&#xF1;os noventa del siglo XX. Algunos cambios que ha producido son evidentes, mientras otros no han sido tan visibles, pero son tambi&#xE9;n muy significativos. En cada cap&#xED;tulo del libro se pone &#xE9;nfasis en estas transformaciones que se inscriben en lo que pol&#xED;ticamente se denomin&#xF3; "el revolc&#xF3;n", pero que acad&#xE9;micamente se conoce como "constitucionalismo transformador". El libro est&#xE1; dirigido a todos los ciudadanos, no solo a abogados, por lo cual se ha evitado, en lo posible, el uso de lenguaje t&#xE9;cnico. No contiene notas a pie de p&#xE1;gina porque no pretende ser un libro de investigaci&#xF3;n, pero provee una amplia referencia a sentencias para el lector interesado en profundizar en el tema.</subfield>
  </datafield>
  <datafield tag="650" ind1=" " ind2="0">
    <subfield code="a">Constitutional history</subfield>
    <subfield code="z">Colombia.</subfield>
    <subfield code="2">LEMB</subfield>
    <subfield code="9">61792</subfield>
  </datafield>
  <datafield tag="650" ind1=" " ind2="0">
    <subfield code="a">Constitutional law</subfield>
    <subfield code="z">Colombia.</subfield>
    <subfield code="2">LEMB</subfield>
    <subfield code="9">61793</subfield>
  </datafield>
  <datafield tag="650" ind1=" " ind2="0">
    <subfield code="a">Civil rights</subfield>
    <subfield code="z">Colombia.</subfield>
    <subfield code="2">LEMB</subfield>
    <subfield code="9">61794</subfield>
  </datafield>
  <datafield tag="651" ind1=" " ind2="4">
    <subfield code="a">Colombia</subfield>
    <subfield code="x">Constituci&#xF3;n, 1991.</subfield>
    <subfield code="9">61795</subfield>
  </datafield>
  <datafield tag="655" ind1=" " ind2="4">
    <subfield code="a">Libros electr&#xF3;nicos.</subfield>
    <subfield code="9">61796</subfield>
  </datafield>
  <datafield tag="700" ind1="1" ind2=" ">
    <subfield code="a">Bogdandy, Armin von,</subfield>
    <subfield code="e">prefacio.</subfield>
    <subfield code="9">61797</subfield>
  </datafield>
  <datafield tag="700" ind1="1" ind2=" ">
    <subfield code="a">Gaviria Trujillo, C&#xE9;sar,</subfield>
    <subfield code="e">pr&#xF3;logo.</subfield>
    <subfield code="9">61798</subfield>
  </datafield>
  <datafield tag="776" ind1="0" ind2="8">
    <subfield code="z">958-798-330-0</subfield>
  </datafield>
  <datafield tag="830" ind1=" " ind2="0">
    <subfield code="a">Estudios acad&#xE9;micos (Universidad de los Andes (Bogot&#xE1;, Colombia). Facultad de Derecho)</subfield>
    <subfield code="9">61799</subfield>
  </datafield>
  <datafield tag="906" ind1=" " ind2=" ">
    <subfield code="a">BOOK</subfield>
  </datafield>
  <datafield tag="942" ind1=" " ind2=" ">
    <subfield code="2">ddc</subfield>
    <subfield code="c">BK</subfield>
  </datafield>
  <datafield tag="999" ind1=" " ind2=" ">
    <subfield code="c">57846</subfield>
    <subfield code="d">57846</subfield>
  </datafield>
</record>
